000 01573cab a2200217 4500
001 ##L132354
008 060131n2006 000 0 eng u
035 _a(Sirsi) u132354
041 0 _aeng
100 1 _aBroad, Murray
245 0 0 _aFine intention adds to workplace grief
260 _c2006
490 0 _aPlanning (for the Natural and Built Environment)
_v(1651) 13 January 2006, 13-14(2)
520 _aConsiders the sustainability appraisal agenda, a major feature of the reformed planning system, which aims to embed the principles of sustainable development into the policy preparation process. Discusses the increasing gap between those in government overseeing the agenda and those local government planners who are implementing it. Comments that most sustainable appraisal reports to date have been larger than the plans that they appraise. Government even suggests that local authorities should seek legal advice before publishing their appraisal reports for fear of legal challenge. Concludes that the time-consuming sustainability appraisal process is the antithesis of what the reformed planning system sets out to achieve. Appended is a review by Sean Nicholson of the ODPM's final draft of guidance on sustainability appraisal of regional spatial strategies and local development documents.
590 _aIKA310106
650 2 4 _aPLANNING AND COMPULSORY PURCHASE ACT 2004 S19(5)
650 2 4 _aDIRECTIVE 2001/42/EC
690 _aENVIRONMENTAL AND LAND CONSULTANCY-PLANNING AND DEVELOPMENT-PLANNING REFORM
700 1 _aNicholson, Sean
942 _n0
999 _c76410
_d76410